• 首页
  • 本馆介绍
  • 公告通知
  • 最新文献
  • 馆藏检索
  • 电子资源
  • 读者导购
  • 参考咨询
  • 我的图书馆
  • 登录
  • 详细信息显示
  • 放入我的书架
  • 预约/预借图书
  • 作者相关作品
  • 分类相关作品
  • 丛书相关作品
  • 出版社相关作品

书目信息

  • 表格格式
  • 工作单格式
  • 卡片格式
题名:
漆艺
    
 
作者: 乔十光 主编
分册:  
出版信息: 杭州   中国美术学院出版社  2000
页数: 222页
开本: 26cm
丛书名: 中国艺术教育大系
单 册:
中图分类: J527.9
科图分类:
主题词: 漆画-技法(美术)--高等学校--教材 , 漆器-技法(美术)--高等学校--教材 , 技法(美术)-漆器--高等学校--教材 , 技法(美术)-雕漆--高等学校--教材 , 技法(美术)-漆画--高等学校--教材 , 雕漆-技法(美术)--高等学校--教材
电子资源:
ISBN: 7-81019-747-9
000 01106oam2 2200313 450
001 0709000047
005 20070804090706.65
010    @a7-81019-747-9@dCNY42.00
100    @a20000912e20062000em y0chiy0110 ea
101 0  @achi
102    @aCN@b330000
105    @af z 000yy
200 1  @a漆艺@Aqi yi@f乔十光主编
210    @a杭州@c中国美术学院出版社@d2000@h2006
215    @a222页@c图@d26cm
225 2  @a中国艺术教育大系@i美术卷
300    @a高等艺术教育“九五”部级教材
330    @a本书简要论述了漆艺的理论及历史,对漆艺的材料、工具和髹饰技法,漆器设计与制作,立体漆塑造型,漆画等作了系统、详细的介绍,并附有精美的漆艺作品以供赏析。
462  0 @12001 @a中国艺术教育大系@i美术卷
606 0  @a漆画-技法(美术)@x高等学校@j教材
606 0  @a漆器-技法(美术)@x高等学校@j教材
606 0  @a技法(美术)-漆器@x高等学校@j教材
606 0  @a技法(美术)-雕漆@x高等学校@j教材
606 0  @a技法(美术)-漆画@x高等学校@j教材
606 0  @a雕漆-技法(美术)@x高等学校@j教材
690    @aJ527.9@v4
701  0 @a乔十光@Aqiao shi guang@4主编
801  0 @aCN@bTAOJIN@c20070804
905    @a10447@dJ527.9@e222
    
    漆艺/乔十光主编.-杭州:中国美术学院出版社,2000(2006)
    222页:图;26cm.-(中国艺术教育大系.美术卷)
    高等艺术教育“九五”部级教材
    
    ISBN 7-81019-747-9:CNY42.00
    本书简要论述了漆艺的理论及历史,对漆艺的材料、工具和髹饰技法,漆器设计与制作,立体漆塑造型,漆画等作了系统、详细的介绍,并附有精美的漆艺作品以供赏析。
●
相关链接 在E读中查询图书 在五车中查询图书 在当当中查询图书 在豆瓣中查询图书


正题名:漆艺     索取号:J527.9/222         预约/预借

序号 登录号 条形码 馆藏地/架位号 状态 备注
1 0523825   205238250   第一样本阅览室/ [索取号:J527.9/222] 在馆    
2 0523826   205238269   第一借阅区/ [索取号:J527.9/222] 在馆    
3 0523827   205238278   第一借阅区/ [索取号:J527.9/222] 在馆    
4 0807718   208077187   第一借阅区/ [索取号:J527.9/222] 在馆    
5 0807719   208077196   第一借阅区/ [索取号:J527.9/222] 在馆    
6 0807720   208077203   第一借阅区/ [索取号:J527.9/222] 在馆    
7 0807721   208077212   第一借阅区/ [索取号:J527.9/222] 在馆    
8 0807722   208077221   密集书库-美术系/ [索取号:J527.9/222] 在馆    
9 0807723   208077230   密集书库-美术系/ [索取号:J527.9/222] 在馆    
10 0807724   208077249   密集书库-美术系/ [索取号:J527.9/222] 在馆    
唐山师范学院图书馆 欢迎您!
大连网信软件有限公司© 版权所有